Personnages principaux par jeu vidéo - Statistiques

Statistiques générales
  • Ce quiz a été pris 33 fois
  • Le résultat moyen est 33 sur 115
Statistiques - réponses
Jeu vidéo Personnage principal % Correct
Kirby (tous) Kirby
81%
Professeur Layton Professeur Layton
81%
Sonic The Hedgehog (tous) Sonic
81%
The Legend of Zelda (tous jusqu'à Echoes of Wisdom) Link
78%
Super Mario Bros (tous) Mario
78%
Pac-Man Pac-Man
78%
Rayman (tous) Rayman
78%
Spyro The Dragon Spyro
78%
Bayonetta (tous) Bayonetta
74%
Tomb Raider (tous) Lara Croft
74%
Luigi's Mansion (tous) Luigi
74%
Ratchet and Clank (tous) Ratchet
74%
Captain Toad Toad
74%
Donkey Kong Country (tous) Donkey Kong
70%
God of War (tous) Kratos
63%
Mega Man (tous) Mega Man
63%
Crash Bandicoot (tous) Crash Bandicoot
59%
Starfox (tous) Fox McCloud
59%
The Last of UsThe Last of Us: Left Behind Joel/Ellie
59%
Street FighterStreet Fighter II Ryu
59%
Metroid (tous) Samus Aran
59%
Metal Gear (tous sauf le 3) Solid Snake
59%
Final Fantasy VII Cloud Strife
56%
The Witcher (tous) Geralt de Riv
56%
The Last of Us Part II Ellie/Abby
52%
GTA V Michael de Santa/Trevor Phillips/Franklin Clinton
52%
Uncharted (tous) Nathan Drake
52%
Ori and the Blind Forest Ori
52%
Ace Attorney Phoenix Wright
52%
Kingdom Hearts (tous) Sora
52%
F-Zero (tous) Captain Falcon
48%
Hitman (tous) Agent 47
44%
Detroit Become Human Markus/Kara/Connor
44%
Halo (tous) Master Chief
44%
Pikmin (tous) Olimar
44%
Kid Icarus (tous) Pit
44%
Assassin's Creed III Connor Kenway
41%
Punch-Out! Little Mac
41%
Pokémon Rouge & BleuPokémon Jaune Pokémon Rouge Feu & Vert Feuille Red
41%
Castlevania Simon Belmont
41%
Fire Emblem: Path of Radiance Ike
37%
Fire Emblem I (Shadow Dragon & the Blade of Light) Marth
37%
Horizon Zero DawnHorizon Forbidden West Aloy
33%
Red Dead Redemption II Arthur Morgan
33%
Assassin's Creed IV Black Flag Edward Kenway
33%
Mother 2 Ness
33%
Assassin's Creed Odyssey Alexios/Kassandra
30%
GTA San Andreas CJ Johnson
30%
Red Dead Redemption John Marston
30%
Mother 3 Lucas
30%
GTA IV Niko Bellic
30%
Xenoblade Chronicles Shulk
30%
Fire Emblem Fates Corrin
26%
Clair Obscur Expedition 33 Gustave/Verso
26%
Tekken 3Tekken 5 Tekken 8 Jin Kazama
26%
Street Fighter III Alex
22%
Castlevania Symphony of the Night Alucard
22%
Fire Emblem: Awakening Chrom
22%
DoomDoom II Doomguy
22%
Little Big Planet Sackboy
22%
Watch Dogs Aiden Pearce
19%
The Elder Scrolls Skyrim Dovahkiin
19%
TekkenTekken 4 Kazuya Mishima
19%
Pokémon Or & ArgentPokémon Or Heartgold & Argent Soulsilver Luth (Gold) /Celesta
19%
Persona 5 Ren Amamiya
19%
Fire Emblem: The Binding Blade Roy
19%
Mortal Kombat Mortal Kombat 3 Liu Kang
15%
Celeste Madeline
15%
Nier Automata 2B
11%
Pokémon Rubis & SaphirPokémon Emeraude Pokémon Rubis Oméga & Saphir Alpha Brice/Flora
11%
Chrono Trigger Crono
11%
Half-Life (tous) Gordon Freeman
11%
Ghost of Tsushima Jin Sakai
11%
Nier Replicant Nier
11%
Xenoblade Chronicles 2 Rex
11%
Assassin's Creed Rogue Shay Patrick Cormac
11%
Assassin's Creed Shadows Yasuke/Naoe
11%
Call of Duty Black Ops Alex Mason
7%
Resident Evil Chris Redfield
7%
Life is Strange Max Caulfield
7%
Tom Clancy's Splinter Cell (tous) Sam Fisher
7%
PortalPortal 2 Chell
4%
Dishonored Dishonored 2 Corvo Attano
4%
Far Cry 3 Jason Brody
4%
Mortal Kombat II Johnny Cage
4%
Deltarune Kris Dreemurr
4%
Borderlands (tous) Lilith
4%
Death Stranding Death Stranding 2 Sam Porter
4%
Soulcalibur (tous jusqu'à Soulcalibur IV) Siegfried Schtauffen
4%
Final Fantasy VIII Squall Leonhart
4%
Shadow of the Colossus Wander
4%
Final Fantasy IX Zidane Tribal
4%
Street Fighter IV Abel
0%
Dark Souls II Ame damnée
0%
Final Fantasy V Bartz Klauser
0%
Bioshock Infinite Booker DeWitt
0%
GTA III Claude
0%
Resident Evil 7: Biohazard Ethan Winters
0%
Castevania Dawn of Sorrow Genya Arikado
0%
FalloutFallout 2 Fallout 3 Fallout 4 Habitant de l'Abri
0%
Silent Hill Harry Mason
0%
Silent Hill 3 Heather Mason
0%
GTA Chinatown Wars Huang Lee
0%
Far CryFar Cry Instincts Far Cry Evolution Jack Carver
0%
Bioshock Jack Ryan
0%
Silent Hill 2 James Sunderland
0%
Call of Duty Modern Warfare John Price
0%
Yakuza (tous) Kazuma Kiryu
0%
Dark Souls III Morteflamme
0%
Dark Souls Noble Mort-vivant
0%
Life is Strange 2 Sean Diaz
0%
The Elder Scrolls Oblivion Shéogorath
0%
Persona 4 Souji Seta
0%
Doom 3 Space marine
0%
Baldur's GateBaldur's Gate III Tav
0%
Aucun quiz correspondant
Distribution des résultats
% des personnes avec chaque résultat
Percentile par nombre de réponses
Votre historique - résultats
Vous n’avez pas pris ce quiz